Statystyki dla Państwa, które mają lotniskowce

Kliknij tutaj aby rozwiązać quiz!

Ogólne statystyki

  • Ten quiz został rozwiązany 36 razy
  • Średni wynik to 7 z 9

Statystyki odpowiedzi

Państwo% Poprawnych
Stany Zjednoczone
100%
Rosja
91%
Chiny
88%
Francja
85%
Wielka Brytania
82%
Hiszpania
74%
Włochy
71%
Indie
68%
Tajlandia
21%

Rozkład punktacji

Percentyl według liczby udzielonych odpowiedzi

Procent ludzi z każdym wynikiem

Twoja historia wyników

Nie rozwiązałeś tego quizu